00310nam a2200121Ia 4500008004100000020001900041041000800060082001500068100001700083245004200100260003700142300000900179220803s9999 xx 000 0 und d a97899383678549 aeng a891.46 NIR aNirgudkar S. aSamarthy Ramdasachi Vyavasthapan Niti aMumbaibMajestic Prakashanc2014 a101p